| 000 | 00504cam a2200181 i 4500 | ||
|---|---|---|---|
| 020 | _a0824803965 | ||
| 020 | _a0824804600 | ||
| 020 | _a9780824804602 | ||
| 040 | _cDLC | ||
| 082 | _a301 UNI 1976 A017 Or. | ||
| 100 | 1 | _aLebra, Takie Sugiyama, | |
| 245 | 1 | 0 | _aJapanese patterns of behavior / |
| 260 |
_aHonolulu : _bUniversity of Hawaii Press, _cc1976. |
||
| 300 |
_axviii, 295 p. ; _c21 cm. |
||
| 500 | _a"An East-West Center book." | ||
| 650 | 0 | _aNational characteristics, Japanese. | |
| 942 | _cEK | ||
| 999 |
_c11863 _d11863 |
||